Matemática 5; guías teórico-practicas /irene marchettide de simone y margarita garcía de turner

Guardado en:
Autor Principal: De Simone, Irene Marchetti de
Formato: Libro
Publicado: Buenos Aires : A-z, 1991
Series:Serie Plata
Materias:
Etiquetas: Agregar Etiqueta
Sin Etiquetas, Sea el primero en etiquetar este registro!
LEADER 02121nam a22003495a 4500
001 CEM.cems002008
008 130507s1991##################000#0#####d
005 20250428140923.0
245 1 0 |a Matemática 5; guías teórico-practicas /irene marchettide de simone y margarita garcía de turner 
260 |a Buenos Aires :  |b A-z,  |c 1991 
300 |a 369 p. 
490 0 |a Serie Plata 
505 0 |a Ángulos orientados -- Sistema de medición de ángulos -- Funciones trigonométricas -- Relaciones entre los valores de las funciones trigonométricas-- Función seno -- Función coseno -- Funciones: tangente, cotangente, secante y cosecante -- Funciones circulares inversas -- Vectores.Revisión -- Fórmulas de adición -- Números complejos -- Manejo de tablas y calculadora -- Teorema del seno. Teorema del coseno -- Intervalos -- Noción de límite -- Continuidad -- Derivada -- Variación de las funciones -- Concepto de integral -- Cálculo de integrales -- Cálculo de áreas -- Ejercitación 
100 1 |a De Simone, Irene Marchetti de 
082 0 4 |a 510 
653 |a Matemática 
653 |a Matemática-textos 
653 |a Funciones 
653 |a Límites 
653 |a Derivadas 
859 |a CEMS  |b BIB. CEMS - 11 de abril  |h 510  |i D461  |p 16493.92  |t Ej.1  |v V  |3 V 
859 |a CEMS  |b BIB. CEMS - 11 de abril  |h 510  |i D461  |p 16494.92  |t Ej.2  |v V  |3 V 
859 |a CEMS  |b BIB. CEMS - 11 de abril  |h 510  |i D461  |p 16825.92  |t Ej.3  |v V  |3 V 
859 |a CEMS  |b BIB. CEMS - 11 de abril  |h 510  |i D461  |p 17497.94  |t Ej.4  |v V  |3 V 
859 |a CEMS  |b BIB. CEMS - 11 de abril  |h 510  |i D461  |p 17498.94  |t Ej.5  |v V  |3 V 
859 |a CEMS  |b BIB. CEMS - 11 de abril  |h 510  |i D461  |p 17499.94  |t Ej.6  |v V  |3 V 
859 |a CEMS  |b BIB. CEMS - 11 de abril  |h 510  |i D461  |p 20091.98  |t Ej.7  |v V  |3 V 
859 |a CEMS  |b BIB. CEMS - 11 de abril  |h 510  |i D461  |p 20092.98  |t Ej.8  |v V  |3 V 
859 |a CEMS  |b BIB. CEMS - 11 de abril  |h 510  |i D461  |p 20093.98  |t Ej.9  |v V  |3 V 
859 |a CEMS  |b BIB. CEMS - 11 de abril  |h 510  |i D461  |p 20118.98  |t Ej.10  |v V  |3 V 
859 |a CEMS  |b BIB. CEMS - 11 de abril  |h 510  |i D461  |p 25072.08  |t Ej.11  |v V  |3 V 
859 |a CEMS  |b BIB. CEMS - 11 de abril  |h 510  |i D461  |p 29834.25  |t Ej.12  |v V  |3 V